Genetic engineering and biotechnology / (Record no. 5982)
[ view plain ]
| 000 -LEADER | |
|---|---|
| fixed length control field | 00446cam a2200169ua 4500 |
| 020 ## - INTERNATIONAL STANDARD BOOK NUMBER | |
| ISBN | 81-204-0495-5 |
| 041 ## - LANGUAGE CODE | |
| Language code of text/sound track or separate title | eng |
| 082 ## - DEWEY DECIMAL CLASSIFICATION NUMBER | |
| Classification number | 660.6 |
| Item number | CHO/GE |
| 100 ## - MAIN ENTRY--AUTHOR NAME | |
| Personal name | Chopra, V.L . |
| 245 ## - TITLE STATEMENT | |
| Title | Genetic engineering and biotechnology / |
| 260 ## - PUBLICATION, DISTRIBUTION, ETC. (IMPRINT) | |
| Place of publication | New Delhi : |
| Name of publisher | Oxford & IBH Publishing company , |
| Year of publication | 1996. |
| 300 ## - PHYSICAL DESCRIPTION | |
| Number of Pages | 200 ; . |
| 700 1# - ADDED ENTRY--PERSONAL NAME | |
| Personal name | Nasim, Anwar . |
| 942 ## - ADDED ENTRY ELEMENTS (KOHA) | |
| Koha item type | Books |
| Withdrawn status | Lost status | Damaged status | Home library | Current library | Date acquired | Full call number | Accession Number | Koha item type |
|---|---|---|---|---|---|---|---|---|
| KAUAET | KAUAET | 07/04/2012 | 660.6 | 20045 | Reference |
